Supernova 1987A (Record no. 9505)

MARC details
000 -LEADER
fixed length control field 00597nam a2200217Ia 4500
003 - CONTROL NUMBER IDENTIFIER
control field IN-BaIIA
008 - FIXED-LENGTH DATA ELEMENTS--GENERAL INFORMATION
fixed length control field 211028s9999 xx 000 0 eng d
020 ## - INTERNATIONAL STANDARD BOOK NUMBER
International Standard Book Number 0-944389-01-5
040 ## - CATALOGING SOURCE
Transcribing agency IIA Library
080 ## - UNIVERSAL DECIMAL CLASSIFICATION NUMBER
Universal Decimal Classification number 524.352
Item number GEN
100 ## - MAIN ENTRY--PERSONAL NAME
Personal name Genet, R. M
9 (RLIN) 13302
245 #0 - TITLE STATEMENT
Title Supernova 1987A
Remainder of title astronomy's explosive enigma
Statement of responsibility, etc. R. M. Genet
260 ## - PUBLICATION, DISTRIBUTION, ETC.
Place of publication, distribution, etc. Mesa
Name of publisher, distributor, etc. Fairborn Press
Date of publication, distribution, etc. 1988
300 ## - PHYSICAL DESCRIPTION
Extent ii, 211p.
650 ## - SUBJECT ADDED ENTRY--TOPICAL TERM
Topical term or geographic name entry element Astronomy and astrophysics thesaurus
650 ## - SUBJECT ADDED ENTRY--TOPICAL TERM
Topical term or geographic name entry element Supernovae
700 ## - ADDED ENTRY--PERSONAL NAME
Personal name Genet, D. R
9 (RLIN) 16007
700 ## - ADDED ENTRY--PERSONAL NAME
Personal name Hall, D. S
9 (RLIN) 16008
700 ## - ADDED ENTRY--PERSONAL NAME
Personal name Hayes, D. S
9 (RLIN) 16009
942 ## - ADDED ENTRY ELEMENTS (KOHA)
Koha item type Books
Holdings
Withdrawn status Lost status Damaged status Not for loan Home library Current library Shelving location Date acquired Total Checkouts Full call number Barcode Date last seen Date last checked out Price effective from Koha item type
        IIA Library-Bangalore IIA Library-Bangalore General Stacks   1 524.352/ GEN 10415 16/10/2025 14/10/2024   Books

Powered by Koha